00668nam a2200229Ia 4500003000900000008004100009040001300050040001300063041000800076100002200084245004300106250001000149260001200159260000900171300001100180300000900191300001000200490000600210942000700216999001700223952019800240IT-RoPAU120407s9999 xx 000 0 und d aIT-RoPAU cIT-RoPAU aita aGiorgio Papasogli aVita e tempi di San Gaspare del Bufalo aRoma  aEinaudi c1977 a455 p. bill. c21 cm v1 cBK c34817d34817 00102ddc406922_50000000000000071aPAULUSbPAULUSd2012-04-11l0o922.5r2012-04-11 00:00:00w2012-04-11yBKzInserito da: Mario In data: 19 settembre 2011 fondo: Via A.Severo 56 Progr:37104